Library Catalog

he Invocations: (Record no. 492648)

MARC details
000 -LEADER
fixed length control field 01147nam a22002297a 4500
003 - CONTROL NUMBER IDENTIFIER
control field OSt
005 - DATE AND TIME OF LATEST TRANSACTION
control field 20260511100114.0
008 - FIXED-LENGTH DATA ELEMENTS--GENERAL INFORMATION
fixed length control field 260511b |||||||| |||| 00| 0 eng d
020 ## - INTERNATIONAL STANDARD BOOK NUMBER
International Standard Book Number 978-1-787589421
040 ## - CATALOGING SOURCE
Original cataloging agency Kenya National Library Service
082 ## - DEWEY DECIMAL CLASSIFICATION NUMBER
Classification number 813 LOV
100 ## - MAIN ENTRY--PERSONAL NAME
Personal name Lovecraft, H.P.
Relator term author.
245 ## - TITLE STATEMENT
Title he Invocations:
Remainder of title H.P. Lovecraft Short Stories (Special Ramsey Campbell Edition)/
Statement of responsibility, etc. H. P. Lovecraft.
250 ## - EDITION STATEMENT
Edition statement Special Ramsey Campbell Edition
300 ## - PHYSICAL DESCRIPTION
Extent 247 pages ;
Dimensions 23 cm.
520 ## - SUMMARY, ETC.
Summary, etc. Lovecraft, the foundation stone of horror and the supernatural, presented here in a special, collectable Edition for Ramsey Campbell's 60 years in publication. Special, collectable hardcover edition for Ramsey Campbell's 60 years in publication. H.P. Lovecraft, the inventor of cosmic horror, weird fiction and the Cthulhu mythology, inspired a generation of writers to explore the horrors that lurk along the corridors, at the edges of perception.
650 ## - SUBJECT ADDED ENTRY--TOPICAL TERM
Topical term or geographic name entry element Thriller -Fcition
650 ## - SUBJECT ADDED ENTRY--TOPICAL TERM
Topical term or geographic name entry element Suspense-fiction.
942 ## - ADDED ENTRY ELEMENTS (KOHA)
Source of classification or shelving scheme Dewey Decimal Classification
Koha item type Books
Suppress in OPAC No
Holdings
Withdrawn status Source of classification or shelving scheme Damaged status Not for loan Home library Current library Date acquired Cost, normal purchase price Total checkouts Full call number Barcode Date last seen Price effective from Koha item type
  Dewey Decimal Classification     Information Access Acquisition, Cataloguing, Classification and Distribution Development 05/11/2026 2500.00   813.52 LOV B231856 05/11/2026 05/11/2026 Books

© 2025, Kenya National Library Service | Designed & Maintained by Uvumbuzi Center